000 00403nam a22001697a 4500
005 20160527114011.0
008 160527b xxu||||| |||| 00| 0 eng d
020 _a81-203-14379
041 _aeng
082 _b5475
100 _aGupta, Waswar das
_91369
245 _aMarketing Mantra
260 _aNew Delhi
_bAcademic Faundation
_c2001
300 _a157
650 _aManagement
_9241
942 _cBK
999 _c1945
_d1944